000 00661nam a2200253Ia 4500
005 20260123122800.0
008 008 260114s9999 xx 000 0 eng d
020 _a9789353280628
037 _aEBOOK
040 _aCRL
040 _beng
040 _cCRL
041 _2eng
041 _aeng
084 _qCRL
100 _aSujit Kumar Chattopadhyay
_91105493
245 0 _aGender Socialization and the Making of Gender in t
260 _bSAGE
260 _c2018
856 _uhttps://sk.sagepub.com/books/gender-socialization-and-the-making-of-gender-in-the-indian-context
942 _cEBOOK
999 _c1670729
_d1670729